Catálogo de cortometrajes producidos por este organismo : periódo 1958/74 periódo 1958/74
Descripción Física:
[62] p. ; 22 cm
Materias:
Cinema documental
MARC
| LEADER | 00000nam a2200000Ia 4500 | ||
|---|---|---|---|
| 001 | 20644 | ||
| 008 | 160829s9999 xx 000 0 cat d | ||
| 080 | |a B-2-156 | ||
| 245 | |a Catálogo de cortometrajes producidos por este organismo : |b periódo 1958/74 | ||
| 260 | |a Madrid : |b Noticiarios y Documentales Cinematográficos 'No-Do', [1976] | ||
| 300 | |a [62] p. ; |c 22 cm | ||
| 590 | |a Recull de descripcions d'algunes pel·lícules de la base de dades M:\Arxiu\Audiovis\Audiovis | ||
| 650 | |a Cinema documental |9 38554 | ||
| 901 | |a Arxiu | ||
| 942 | |n 1 | ||
| 952 | |0 0 |1 0 |4 0 |6 B2156 |7 1 |9 48469 |a Arxiu |b Arxiu |d 2016-12-01 |l 0 |o B-2-156 |p 20644 |r 2016-12-01 00:00:00 |w 2016-12-01 |y ARXIU | ||
| 999 | |c 52298 |d 52298 | ||